[Event "Oakham GM"]
[Site "Oakham"]
[Date "2001.04.03"]
[Round "6"]
[White "Tyomkin, Dimitri"]
[Black "Estrada Nieto, Julian"]
[Result "1/2-1/2"]
[WhiteElo "2496"]
[BlackElo "2372"]
[PlyCount "33"]
[GameId "1166643459846144"]
[EventDate "2001.03.29"]
[EventType "tourn"]
[EventRounds "9"]
[EventCountry "ENG"]
[EventCategory "7"]
[SourceTitle "CBM 082 Extra"]
[Source "ChessBase"]
[SourceDate "2001.07.03"]
[SourceVersion "1"]
[SourceVersionDate "2001.07.03"]
[SourceQuality "1"]

1. d4 d5 2. c4 dxc4 3. e3 e5 4. Bxc4 exd4 5. exd4 Bd6 6. Nf3 Nf6 7. O-O O-O 8. h3 Nc6 9. Nc3 h6 10. Re1 Re8 11. Be3 Bf5 12. d5 Ne5 13. Nxe5 Bxe5 14. Bd4 Bxd4 15. Qxd4 a6 16. g4 Bh7 17. Bf1 1/2-1/2

[Event "Oakham GM"]
[Site "Oakham"]
[Date "2001.04.05"]
[Round "8"]
[White "Tyomkin, Dimitri"]
[Black "McNab, Colin Anderson"]
[Result "1/2-1/2"]
[WhiteElo "2496"]
[BlackElo "2403"]
[PlyCount "90"]
[GameId "1166643459883008"]
[EventDate "2001.03.29"]
[EventType "tourn"]
[EventRounds "9"]
[EventCountry "ENG"]
[EventCategory "7"]
[SourceTitle "CBM 082 Extra"]
[Source "ChessBase"]
[SourceDate "2001.07.03"]
[SourceVersion "1"]
[SourceVersionDate "2001.07.03"]
[SourceQuality "1"]

1. d4 d6 2. c4 e5 3. d5 g6 4. e4 Nd7 5. Bd3 a5 6. Nc3 h5 7. h4 Bh6 8. a3 Nc5 9. Bc2 Bd7 10. b3 Bxc1 11. Rxc1 Nf6 12. Nge2 O-O 13. Rb1 b6 14. Qd2 Kg7 15. f3 Nh7 16. b4 Nb7 17. Kf2 Qe7 18. g3 f5 19. exf5 gxf5 20. Nb5 Rac8 21. Rbe1 Qf7 22. Nec3 Kh8 23. Na7 Ra8 24. Nab5 Rac8 25. f4 Nf6 26. Kg2 Rg8 27. fxe5 Qg7 28. Qg5 dxe5 29. Rxe5 Nd6 30. Qxg7+ Rxg7 31. Bd3 Rcg8 32. Ne2 Ng4 33. Re6 Bxe6 34. dxe6 Ne3+ 35. Kf2 Nexc4 36. Bxc4 Nxc4 37. Rc1 Ne5 38. Rxc7 axb4 39. axb4 Nd3+ 40. Kf3 Nxb4 41. Rc4 Nd3 42. Rd4 Nc5 43. Rd6 Ne4 44. Rxb6 Nd2+ 45. Kf2 Ne4+ 1/2-1/2

[Event "Cullera op 21st"]
[Site "Cullera"]
[Date "2001.07.27"]
[Round "9"]
[White "Tyomkin, Dimitri"]
[Black "Vera Gonzalez Quevedo, Reynaldo"]
[Result "1/2-1/2"]
[WhiteElo "2461"]
[BlackElo "2563"]
[PlyCount "45"]
[GameId "1166643689226240"]
[EventDate "2001.07.19"]
[EventType "swiss"]
[EventRounds "9"]
[EventCountry "ESP"]
[SourceTitle "EXT 2002"]
[Source "ChessBase"]
[SourceDate "2001.11.25"]
[SourceVersion "1"]
[SourceVersionDate "2001.11.25"]
[SourceQuality "1"]

1. d4 Nf6 2. Nf3 d5 3. c4 e6 4. Nc3 c6 5. Bg5 dxc4 6. e4 b5 7. a4 Bb7 8. axb5 cxb5 9. Nxb5 Bb4+ 10. Nc3 Bxe4 11. Bxc4 O-O 12. O-O Bxc3 13. bxc3 Nbd7 14. Bd3 Qc7 15. Re1 Bxd3 16. Qxd3 Rfe8 17. Rac1 a5 18. c4 Qc6 19. Bxf6 Nxf6 20. Ne5 Qc7 21. c5 Rad8 22. Qb3 Nd5 23. Nc4 1/2-1/2

[Event "WCN k.o."]
[Site "Internet USCF"]
[Date "2001.??.??"]
[Round "?"]
[White "Diesen, Mark C"]
[Black "Tyomkin, Dimitri"]
[Result "1/2-1/2"]
[WhiteElo "2410"]
[BlackElo "2461"]
[PlyCount "132"]
[GameId "1166644031729664"]
[EventDate "2001.12.??"]
[EventType "k.o."]
[EventRounds "5"]
[EventCountry "USA"]
[SourceTitle "EXT 2003"]
[Source "ChessBase"]
[SourceDate "2002.11.25"]
[SourceVersion "1"]
[SourceVersionDate "2002.11.25"]
[SourceQuality "1"]

1. d4 Nf6 2. c4 e6 3. Nc3 c5 4. d5 exd5 5. cxd5 g6 6. e4 d6 7. h3 Bg7 8. Nf3 O-O 9. Bd3 Nbd7 10. O-O Nh5 11. Bg5 Bf6 12. Be3 Re8 13. Qd2 a6 14. a4 b6 15. Rab1 Ra7 16. Bh6 Ne5 17. Nxe5 Bxe5 18. Be2 Ng7 19. Rfe1 f5 20. Bg5 Bf6 21. Bxf6 Qxf6 22. exf5 Nxf5 23. Bd3 Rae7 24. Rxe7 Rxe7 25. Re1 Nd4 26. Rxe7 Qxe7 27. Qf4 Kg7 28. Kh2 Qf6 29. Qe3 Qe5+ 30. Qxe5+ dxe5 31. g4 Kf7 32. Kg3 Ke7 33. Ne4 Bb7 34. a5 Bxd5 35. axb6 c4 36. Bb1 a5 37. Nc3 Bc6 38. f4 Kd6 39. f5 gxf5 40. gxf5 Kc5 41. f6 Kxb6 42. Bxh7 Kc5 43. Kg4 Kd6 44. Bg8 Bd7+ 45. Kg5 Bxh3 46. Bxc4 Bg2 47. Kg6 Bc6 48. Ne2 Be4+ 49. Kg7 Nf5+ 50. Kf8 Bf3 51. Nc3 e4 52. f7 e3 53. Ke8 Bh5 54. Bd3 Nh6 55. Bc4 Nxf7 56. Bxf7 e2 57. Nxe2 Bxe2 58. Kd8 Bg4 59. Bb3 Kc5 60. Kc7 Bf3 61. Bc2 Be2 62. Kb7 Bc4 63. Kc7 Bb5 64. Kb7 Kb4 65. Kb6 Bd3 66. Bxd3 Kb3 1/2-1/2

[Event "WCN k.o."]
[Site "Internet USCF"]
[Date "2001.??.??"]
[Round "?"]
[White "Diesen, Mark C"]
[Black "Tyomkin, Dimitri"]
[Result "0-1"]
[WhiteElo "2410"]
[BlackElo "2461"]
[PlyCount "128"]
[GameId "1166644031737856"]
[EventDate "2001.12.??"]
[EventType "k.o."]
[EventRounds "5"]
[EventCountry "USA"]
[SourceTitle "EXT 2003"]
[Source "ChessBase"]
[SourceDate "2002.11.25"]
[SourceVersion "1"]
[SourceVersionDate "2002.11.25"]
[SourceQuality "1"]

1. d4 Nf6 2. c4 e6 3. Nf3 c5 4. d5 exd5 5. cxd5 g6 6. Nc3 Bg7 7. e4 d6 8. h3 O-O 9. Bd3 Na6 10. O-O Nc7 11. Re1 Re8 12. a4 a6 13. Bf4 Rb8 14. Bf1 b5 15. e5 dxe5 16. Nxe5 Bb7 17. Nc6 Bxc6 18. dxc6 Rxe1 19. Qxe1 b4 20. Rd1 Qc8 21. Ne4 Nxe4 22. Qxe4 Bd4 23. Rxd4 cxd4 24. Qe5 Rb6 25. Qxc7 Qxc7 26. Bxc7 Rxc6 27. Be5 Rc1 28. Bxd4 a5 29. Bb6 Rb1 30. Bxa5 Rxb2 31. Bb6 b3 32. a5 Rb1 33. Bd4 b2 34. Bxb2 Rxb2 35. g3 Kg7 36. a6 Ra2 37. Kg2 Kf6 38. Kf3 Ke5 39. Ke3 Ra3+ 40. Bd3 Kd5 41. h4 h6 42. Kd2 Kd4 43. Be2 f6 44. Ke1 Ra1+ 45. Kd2 f5 46. Bb5 Ra5 47. Be2 Ra2+ 48. Ke1 f4 49. gxf4 Ke4 50. Bc4 Ra1+ 51. Ke2 Kxf4 52. Bd3 Ra2+ 53. Ke1 Kg4 54. Bxg6 Rxa6 55. Be4 Kxh4 56. Kf1 Kh3 57. Ke2 h5 58. Kf3 Rf6+ 59. Ke3 h4 60. f4 Kg3 61. f5 h3 62. Kd4 Kf4 63. Kd5 h2 64. Kd4 Rxf5 0-1

[Event "WCN k.o."]
[Site "Internet USCF"]
[Date "2001.??.??"]
[Round "?"]
[White "Diesen, Mark C"]
[Black "Tyomkin, Dimitri"]
[Result "1/2-1/2"]
[WhiteElo "2410"]
[BlackElo "2461"]
[PlyCount "109"]
[GameId "1166644031733760"]
[EventDate "2001.12.??"]
[EventType "k.o."]
[EventRounds "5"]
[EventCountry "USA"]
[SourceTitle "EXT 2003"]
[Source "ChessBase"]
[SourceDate "2002.11.25"]
[SourceVersion "1"]
[SourceVersionDate "2002.11.25"]
[SourceQuality "1"]

1. Nf3 Nf6 2. c4 g6 3. Nc3 d5 4. Qa4+ Bd7 5. Qb3 dxc4 6. Qxc4 Bg7 7. e4 O-O 8. e5 Ng4 9. d4 Be6 10. d5 Bf5 11. Bf4 Nd7 12. Qe2 f6 13. e6 Nde5 14. Rd1 Qd6 15. Bg3 Nxf3+ 16. Qxf3 Ne5 17. Qe3 c6 18. Be2 cxd5 19. Nxd5 Qxe6 20. Bxe5 Qxe5 21. Nxe7+ Kh8 22. Qxe5 fxe5 23. Nxf5 gxf5 24. Rd7 Rac8 25. Bd1 Rfd8 26. Rxd8+ Rxd8 27. g4 e4 28. gxf5 Bxb2 29. Ke2 Bc1 30. Rg1 h6 31. f6 Rd2+ 32. Ke1 Rxa2 33. f7 Ba3 34. Rg8+ Kh7 35. f8=Q Bxf8 36. Rxf8 Kg6 37. Rf4 e3 38. fxe3 Rxh2 39. Ra4 a6 40. Bf3 Rb2 41. Kd1 Kf6 42. Kc1 Rb5 43. Kd2 h5 44. Rh4 Kg6 45. Kc3 a5 46. Be2 Rg5 47. Bd3+ Kf6 48. Kd4 b5 49. e4 a4 50. e5+ Rxe5 51. Rf4+ Ke6 52. Rf8 Rg5 53. Rb8 Kd6 54. Rxb5 Rxb5 55. Bxb5 1/2-1/2

[Event "WCN k.o."]
[Site "Internet USCF"]
[Date "2001.??.??"]
[Round "?"]
[White "Tyomkin, Dimitri"]
[Black "Christiansen, Larry Mark"]
[Result "1-0"]
[WhiteElo "2461"]
[BlackElo "2570"]
[PlyCount "91"]
[GameId "1166644031844352"]
[EventDate "2001.12.??"]
[EventType "k.o."]
[EventRounds "5"]
[EventCountry "USA"]
[SourceTitle "EXT 2003"]
[Source "ChessBase"]
[SourceDate "2002.11.25"]
[SourceVersion "1"]
[SourceVersionDate "2002.11.25"]
[SourceQuality "1"]

1. d4 Nf6 2. c4 e6 3. Nc3 Bb4 4. f3 d5 5. a3 Be7 6. e4 dxe4 7. fxe4 e5 8. d5 O-O 9. Nf3 c6 10. Bd3 Bg4 11. Be3 a5 12. h3 Bxf3 13. Qxf3 Na6 14. O-O Bc5 15. Na4 Bxe3+ 16. Qxe3 Rc8 17. Rad1 c5 18. Bc2 Ne8 19. Nc3 Nd6 20. Qe2 Nc7 21. Ba4 Qe7 22. Rf3 f6 23. h4 g6 24. g4 Rf7 25. Rdf1 Rcf8 26. Bc2 Nce8 27. b3 Ng7 28. Qg2 Kh8 29. Qh3 h5 30. Kh2 hxg4 31. Qxg4 Rg8 32. Qxg6 Nge8 33. Qh6+ Rh7 34. Qe3 f5 35. exf5 Nf6 36. Qe1 Ng4+ 37. Kh3 Nf6 38. Rg1 Rxg1 39. Qxg1 Nxd5 40. f6 Qe6+ 41. Qg4 Qxg4+ 42. Kxg4 Nxc3 43. Bxh7 Kxh7 44. f7 Nxf7 45. Rxf7+ Kh6 46. Rxb7 1-0

[Event "WCN k.o."]
[Site "Internet USCF"]
[Date "2001.??.??"]
[Round "?"]
[White "Tyomkin, Dimitri"]
[Black "Diesen, Mark C"]
[Result "1-0"]
[WhiteElo "2461"]
[BlackElo "2410"]
[PlyCount "147"]
[GameId "1166644031848448"]
[EventDate "2001.12.??"]
[EventType "k.o."]
[EventRounds "5"]
[EventCountry "USA"]
[SourceTitle "EXT 2003"]
[Source "ChessBase"]
[SourceDate "2002.11.25"]
[SourceVersion "1"]
[SourceVersionDate "2002.11.25"]
[SourceQuality "1"]

1. d4 d5 2. c4 c6 3. Nc3 Nf6 4. e3 e6 5. Nf3 Nbd7 6. Qc2 Bd6 7. b3 O-O 8. Bb2 e5 9. dxe5 Nxe5 10. O-O-O Qe7 11. Nxe5 Bxe5 12. cxd5 cxd5 13. Nxd5 Nxd5 14. Rxd5 Bxb2+ 15. Kxb2 Be6 16. Rd4 Rfd8 17. Bd3 Rxd4 18. exd4 Qh4 19. Be4 Bd5 20. Re1 g6 21. g3 Qf6 22. Qd2 Rd8 23. Bxd5 Rxd5 24. Re4 Qf3 25. Rf4 Qh1 26. h4 a5 27. Qc1 Qh3 28. Qc7 Qd7 29. Qxd7 Rxd7 30. Kc3 b5 31. Re4 Rc7+ 32. Kd2 Kf8 33. Re5 Rb7 34. Kd3 f6 35. Re6 Kf7 36. Ra6 a4 37. bxa4 bxa4 38. Rxa4 Rb2 39. Ke3 h5 40. Ra6 g5 41. hxg5 fxg5 42. Rh6 h4 43. gxh4 gxh4 44. Rxh4 Rxa2 45. f4 Ke6 46. Rh6+ Kf5 47. Rh5+ Ke6 48. Re5+ Kf6 49. Ke4 Ra1 50. Rf5+ Ke7 51. Rb5 Re1+ 52. Kf5 Rd1 53. Re5+ Kf7 54. Re4 Rd2 55. Ke5 Ke7 56. d5 Rd1 57. f5 Rd2 58. f6+ Kf7 59. d6 Rd1 60. Rd4 Re1+ 61. Kd5 Kxf6 62. Rf4+ Kg5 63. Rf2 Kg6 64. d7 Rd1+ 65. Ke6 Re1+ 66. Kd6 Rd1+ 67. Ke7 Re1+ 68. Kd8 Kg7 69. Rf4 Rc1 70. Ke7 Re1+ 71. Kd6 Rd1+ 72. Ke6 Kg8 73. Rf5 Re1+ 74. Re5 1-0

[Event "WCN k.o."]
[Site "Internet USCF"]
[Date "2001.??.??"]
[Round "?"]
[White "Tyomkin, Dimitri"]
[Black "Rogozenco, Dorian"]
[Result "0-1"]
[WhiteElo "2461"]
[BlackElo "2548"]
[PlyCount "78"]
[GameId "1166644031868928"]
[EventDate "2001.12.??"]
[EventType "k.o."]
[EventRounds "5"]
[EventCountry "USA"]
[SourceTitle "EXT 2003"]
[Source "ChessBase"]
[SourceDate "2002.11.25"]
[SourceVersion "1"]
[SourceVersionDate "2002.11.25"]
[SourceQuality "1"]

1. d4 Nf6 2. c4 e6 3. Nc3 Bb4 4. f3 O-O 5. e4 d5 6. e5 Nfd7 7. a3 Bxc3+ 8. bxc3 f6 9. exf6 Nxf6 10. Bd3 c5 11. Ne2 b6 12. O-O Ba6 13. cxd5 Bxd3 14. Qxd3 exd5 15. Bg5 c4 16. Qc2 Nc6 17. Ng3 Qd7 18. Rae1 h6 19. Bf4 b5 20. Be5 a5 21. Re2 b4 22. Rfe1 b3 23. Qb1 Rae8 24. Nf5 Re6 25. Nh4 Nxe5 26. Rxe5 Rfe8 27. Ng6 Rxe5 28. dxe5 Nh7 29. Rd1 Ng5 30. h4 Ne6 31. f4 Nc5 32. f5 Nd3 33. Rxd3 cxd3 34. Qxd3 b2 35. Qb1 Rb8 36. f6 gxf6 37. exf6 Qe6 38. Ne7+ Kf8 39. Ng6+ Kf7 0-1

[Event "ISR-chT"]
[Site "Israel"]
[Date "2002.04.24"]
[Round "10"]
[White "Tyomkin, Dimitri"]
[Black "Maryasin, Boris Feliksovich"]
[Result "1/2-1/2"]
[WhiteElo "2504"]
[BlackElo "2398"]
[PlyCount "69"]
[GameId "1165542883991552"]
[EventDate "2002.01.10"]
[EventType "team"]
[EventRounds "11"]
[EventCountry "ISR"]
[SourceTitle "CBM 088"]
[Source "ChessBase"]
[SourceDate "2002.03.21"]
[SourceVersion "1"]
[SourceVersionDate "2002.03.21"]
[SourceQuality "1"]

1. d4 g6 2. e4 d6 3. Nc3 Bg7 4. f4 Nf6 5. Nf3 O-O 6. Be3 b6 7. Qd2 c5 8. O-O-O Nc6 9. d5 Nb4 10. h3 Bb7 11. a3 a5 12. Kb1 b5 13. Bxb5 Qb6 14. Qe2 Ba6 15. Bxa6 Nxa6 16. e5 Nd7 17. Bf2 Rab8 18. Na4 Qb7 19. Be1 Nc7 20. c4 Nb6 21. Nxb6 Qxb6 22. Qc2 a4 23. Bc3 Qa6 24. exd6 Bxc3 25. Qxc3 Rb3 26. Qc2 exd6 27. Nd2 Re3 28. Rhe1 Rfe8 29. Rxe3 Rxe3 30. Nf3 Na8 31. f5 Nb6 32. Rc1 Qc8 33. fxg6 hxg6 34. Ng5 Nxc4 35. Qxc4 1/2-1/2

[Event "Cullera op 23rd"]
[Site "Valencia"]
[Date "2002.07.25"]
[Round "8.3"]
[White "Comp Goliath Blitz"]
[Black "Tyomkin, Dimitri"]
[Result "1-0"]
[WhiteElo "2550"]
[BlackElo "2482"]
[PlyCount "49"]
[GameId "1166644513533952"]
[EventDate "2002.07.18"]
[EventType "swiss"]
[EventRounds "9"]
[EventCountry "ESP"]
[SourceTitle "CBM 089 Extra"]
[Source "ChessBase"]
[SourceDate "2002.09.10"]
[SourceVersion "2"]
[SourceVersionDate "2002.09.10"]
[SourceQuality "1"]

1. e4 c5 2. Nc3 Nc6 3. Bb5 Na5 4. Nf3 a6 5. Be2 b5 6. O-O Bb7 7. d4 cxd4 8. Qxd4 Nc6 9. Qd3 d6 10. Be3 Nf6 11. a4 bxa4 12. Qc4 e6 13. Rfd1 Nd7 14. Nd4 Nxd4 15. Qxd4 Qc7 16. Rxa4 Qc5 17. Qd2 Qc8 18. Rc4 Qb8 19. Bg5 h6 20. Bh4 Be7 21. Bxe7 Kxe7 22. Rd4 Rd8 23. Rxd6 Ne5 24. Nb5 Rxd6 25. Nxd6 1-0

[Event "Carlos Torre Memorial op 15th"]
[Site "Merida"]
[Date "2002.12.19"]
[Round "7"]
[White "Tyomkin, Dimitri"]
[Black "Gonzalez Zamora, Juan Carlos"]
[Result "0-1"]
[WhiteElo "2492"]
[BlackElo "2517"]
[PlyCount "170"]
[GameId "1166644956016640"]
[EventDate "2002.12.13"]
[EventType "swiss"]
[EventRounds "9"]
[EventCountry "MEX"]
[SourceTitle "CBM 091 Extra"]
[Source "ChessBase"]
[SourceDate "2003.01.09"]
[SourceVersion "1"]
[SourceVersionDate "2003.01.09"]
[SourceQuality "1"]

1. e4 c5 2. Nf3 d6 3. d4 cxd4 4. Nxd4 Nf6 5. Nc3 Nc6 6. Bc4 Qb6 7. Nxc6 bxc6 8. O-O e6 9. b3 Be7 10. Bb2 e5 11. Kh1 O-O 12. Qe2 Qc7 13. Rad1 Bg4 14. f3 Bh5 15. g4 Bg6 16. h4 h5 17. Rg1 Kh7 18. Rg2 Rh8 19. Rdg1 Qd7 20. g5 Ne8 21. f4 exf4 22. Qf3 Bd8 23. Ne2 Bb6 24. Rf1 Be3 25. Nxf4 Bxf4 26. Qxf4 Rf8 27. e5 d5 28. Bd3 Nc7 29. Ba3 Rfe8 30. Qxf7 Qxf7 31. Rxf7 Ne6 32. Bd6 a5 33. Rgf2 a4 34. b4 a3 35. R2f6 Bxd3 36. cxd3 Ra4 37. Rb7 c5 38. Rff7 cxb4 39. Bxb4 Kg6 40. Rf1 Raa8 41. Rd7 Ra4 42. Rb7 Nd8 43. Rb6+ Re6 44. Rxe6+ Nxe6 45. Be1 Ra6 46. Bb4 Rb6 47. Bxa3 Ra6 48. Bb4 Rxa2 49. Kg1 Rb2 50. Be1 Rb3 51. Rf3 Nd4 52. Re3 Kf5 53. Kg2 Rb2+ 54. Bf2 Rd2 55. Kf1 Ke6 56. Ke1 Ra2 57. Kf1 Nf5 58. Re2 Ra1+ 59. Kg2 Ra4 60. d4 Nxd4 61. Bxd4 Rxd4 62. Kg3 Rg4+ 63. Kh3 Re4 64. Rb2 d4 65. Kg3 d3 66. Kf3 Rxe5 67. Rb6+ Kd5 68. Rb7 g6 69. Rd7+ Kc4 70. Rc7+ Rc5 71. Rg7 Rc6 72. Ra7 Re6 73. Rc7+ Kb3 74. Rd7 Kc2 75. Rc7+ Kd1 76. Kf2 d2 77. Rc4 Re2+ 78. Kf1 Re5 79. Rc6 Rf5+ 80. Kg2 Ke2 81. Re6+ Kd3 82. Rd6+ Ke3 83. Kg3 Rf3+ 84. Kg2 Rf4 85. Kg3 Rd4 0-1

[Event "Carlos Torre Memorial op 15th"]
[Site "Merida"]
[Date "2002.12.20"]
[Round "8"]
[White "Tyomkin, Dimitri"]
[Black "Russek Libni, Guil"]
[Result "1-0"]
[WhiteElo "2492"]
[BlackElo "2371"]
[PlyCount "55"]
[GameId "1166644956135424"]
[EventDate "2002.12.13"]
[EventType "swiss"]
[EventRounds "9"]
[EventCountry "MEX"]
[SourceTitle "CBM 091 Extra"]
[Source "ChessBase"]
[SourceDate "2003.01.09"]
[SourceVersion "1"]
[SourceVersionDate "2003.01.09"]
[SourceQuality "1"]

1. d4 d5 2. c4 e6 3. Nc3 Nf6 4. Nf3 Bb4 5. Bg5 h6 6. Bxf6 Qxf6 7. e3 O-O 8. Qb3 Bxc3+ 9. Qxc3 c6 10. Be2 Nd7 11. O-O b6 12. cxd5 exd5 13. Rfc1 Bb7 14. Ne1 Qd6 15. Nd3 Rfc8 16. Bg4 Rc7 17. Rc2 Nf6 18. Bf3 Ne4 19. Qb4 Qe6 20. Qa3 g5 21. Rac1 f6 22. Ne1 Kg7 23. Be2 Re7 24. Ba6 Bxa6 25. Rxc6 Qf7 26. Qxa6 Rae8 27. Qe2 h5 28. f3 1-0

[Event "Tarragona op 4th"]
[Site "Tarragona"]
[Date "2003.09.05"]
[Round "3"]
[White "Tyomkin, Dimitri"]
[Black "Fernandez Fuentes, Francisco Javier"]
[Result "1-0"]
[WhiteElo "2471"]
[BlackElo "2138"]
[PlyCount "49"]
[GameId "1166645641564160"]
[EventDate "2003.09.??"]
[EventType "swiss"]
[EventRounds "7"]
[EventCountry "ESP"]
[SourceTitle "EXT 2005"]
[Source "ChessBase"]
[SourceDate "2004.11.15"]
[SourceVersion "1"]
[SourceVersionDate "2004.11.15"]
[SourceQuality "1"]

1. e4 c5 2. Nf3 d6 3. Bb5+ Bd7 4. Bxd7+ Qxd7 5. O-O Nc6 6. c3 Nf6 7. d4 cxd4 8. cxd4 d5 9. e5 Ng8 10. Nc3 e6 11. Ne2 Bb4 12. Nf4 Ba5 13. Be3 f6 14. exf6 gxf6 15. Bd2 O-O-O 16. Bxa5 Nxa5 17. Qe1 Nc6 18. Qxe6 Qxe6 19. Nxe6 Rd6 20. Rfe1 Nge7 21. Nh4 b6 22. Ng7 Rd7 23. Nhf5 Rg8 24. Re6 Kd8 25. Rxf6 1-0

[Event "Ashdod op 1st"]
[Site "Ashdod"]
[Date "2003.10.12"]
[Round "2"]
[White "Tyomkin, Dimitri"]
[Black "Krapivin, Alexander"]
[Result "1-0"]
[WhiteElo "2476"]
[BlackElo "2342"]
[PlyCount "73"]
[GameId "1165542958432256"]
[EventDate "2003.10.04"]
[EventType "swiss"]
[EventRounds "9"]
[EventCountry "ISR"]
[SourceTitle "CBM 096 Extra"]
[Source "ChessBase"]
[SourceDate "2003.10.22"]
[SourceVersion "2"]
[SourceVersionDate "2003.10.20"]
[SourceQuality "1"]

1. e4 c5 2. Nf3 e6 3. Nc3 Nc6 4. d4 cxd4 5. Nxd4 Nf6 6. a3 Be7 7. Be2 O-O 8. Be3 d5 9. exd5 Nxd5 10. Nxd5 Qxd5 11. O-O Rd8 12. Bf3 Qc4 13. Nxc6 Rxd1 14. Nxe7+ Kf8 15. Rfxd1 Kxe7 16. b4 Qc7 17. Bc5+ Ke8 18. Bd6 Qb6 19. Bc5 Qc7 20. Bd6 Qb6 21. a4 Bd7 22. a5 Qa6 23. c4 Rd8 24. b5 Bxb5 25. cxb5 Qxb5 26. a6 b6 27. Rac1 Rxd6 28. Rxd6 Ke7 29. Rd4 Qxa6 30. g3 Kf6 31. Kg2 b5 32. Rc7 Qa1 33. Rf4+ Kg6 34. Rcxf7 h5 35. Re7 Qa2 36. Be4+ Kh6 37. Rf6+ 1-0

[Event "Ashdod op 1st"]
[Site "Ashdod"]
[Date "2003.10.13"]
[Round "3"]
[White "Ribshtein, Nati"]
[Black "Tyomkin, Dimitri"]
[Result "0-1"]
[WhiteElo "2347"]
[BlackElo "2476"]
[PlyCount "66"]
[GameId "1165542958440448"]
[EventDate "2003.10.04"]
[EventType "swiss"]
[EventRounds "9"]
[EventCountry "ISR"]
[SourceTitle "CBM 096 Extra"]
[Source "ChessBase"]
[SourceDate "2003.10.22"]
[SourceVersion "2"]
[SourceVersionDate "2003.10.20"]
[SourceQuality "1"]

1. e4 c5 2. Nf3 Nc6 3. d4 cxd4 4. Nxd4 Nf6 5. Nc3 d6 6. f3 e5 7. Nb3 Be7 8. Be3 O-O 9. Qd2 a5 10. Bb5 Na7 11. Bd3 Be6 12. Rd1 Nc8 13. a3 Nb6 14. Qf2 Nc4 15. Bxc4 Bxc4 16. Bb6 Qc8 17. Nxa5 Ba6 18. Qe3 Qe6 19. b4 Bc4 20. Kf2 Rfc8 21. Rd2 d5 22. exd5 Bxd5 23. Nb5 Qf5 24. Ke2 Rxa5 25. Bxa5 Bc4+ 26. Kd1 Bxb5 27. Re1 Ba4 28. Ree2 Nd7 29. g4 Qe6 30. Qa7 Qc6 31. f4 Qh1+ 32. Re1 Qf3+ 33. Kc1 Qc3 {The killer move;} 0-1

[Event "Ashdod op 1st"]
[Site "Ashdod"]
[Date "2003.10.14"]
[Round "5"]
[White "Kudischewitsch, David"]
[Black "Tyomkin, Dimitri"]
[Result "0-1"]
[WhiteElo "2413"]
[BlackElo "2476"]
[PlyCount "136"]
[GameId "1165542958448640"]
[EventDate "2003.10.04"]
[EventType "swiss"]
[EventRounds "9"]
[EventCountry "ISR"]
[SourceTitle "CBM 096 Extra"]
[Source "ChessBase"]
[SourceDate "2003.10.22"]
[SourceVersion "2"]
[SourceVersionDate "2003.10.20"]
[SourceQuality "1"]

1. d4 Nf6 2. c4 g6 3. Nc3 d5 4. cxd5 Nxd5 5. Ne4 Bg7 6. Nf3 O-O 7. e3 b6 8. Bd2 Bb7 9. Qc2 c5 10. dxc5 Na6 11. Qb3 Rc8 12. Rc1 f5 13. c6 fxe4 14. cxb7 Rxc1+ 15. Bxc1 Nc5 16. b8=Q Qxb8 17. Qxd5+ e6 18. Qd1 exf3 19. gxf3 Rd8 20. Qc2 Qe5 21. Bc4 Qg5 22. Ke2 Rf8 23. Rf1 Qh5 24. Bd2 Qxf3+ 25. Ke1 Rd8 26. Be2 Qd5 27. Bc4 Qd6 28. Ke2 a5 29. b4 axb4 30. Bxb4 Qxh2 31. Bxc5 Qh5+ 32. f3 bxc5 33. Bxe6+ Kh8 34. Bc4 Re8 35. Bd3 Qh2+ 36. Rf2 Rxe3+ 37. Kxe3 Bd4+ 38. Kd2 Qxf2+ 39. Be2 Qe3+ 40. Kd1 Qg1+ 41. Kd2 Qa1 42. Kd3 h5 43. Kc4 Kg7 44. Bd3 Qe1 45. Be4 Qb4+ 46. Kd5 Qb7+ 47. Kd6 Qb6+ 48. Bc6 Qd8+ 49. Bd7 Qf6+ 50. Be6 Qf4+ 51. Kd7 Qxf3 52. Qb1 h4 53. Qb8 Kh6 54. a4 Qf6 55. a5 Be5 56. Qc8 Qg7+ 57. Kc6 c4 58. Bxc4 Qf6+ 59. Qe6 h3 60. Qxf6 Bxf6 61. a6 Bd4 62. Bf1 h2 63. Bg2 Kg5 64. Kd5 Ba7 65. Ke4 Kg4 66. Kd3 Kg3 67. Bh1 Kf2 68. Ke4 Bb8 {Zugzwang!} 0-1

[Event "Ashdod op 1st"]
[Site "Ashdod"]
[Date "2003.10.17"]
[Round "9"]
[White "Tyomkin, Dimitri"]
[Black "Lerner, Konstantin Z"]
[Result "1-0"]
[WhiteElo "2476"]
[BlackElo "2524"]
[PlyCount "109"]
[GameId "1165542958469120"]
[EventDate "2003.10.04"]
[EventType "swiss"]
[EventRounds "9"]
[EventCountry "ISR"]
[SourceTitle "CBM 096 Extra"]
[Source "ChessBase"]
[SourceDate "2003.10.22"]
[SourceVersion "2"]
[SourceVersionDate "2003.10.20"]
[SourceQuality "1"]

1. e4 c5 2. Nf3 e6 3. Nc3 Nc6 4. d4 cxd4 5. Nxd4 a6 6. Be3 Qc7 7. Qd2 Nf6 8. f3 Bb4 9. a3 Be7 10. g4 h6 11. O-O-O Ne5 12. Kb1 b5 13. f4 Nc4 14. Bxc4 Qxc4 15. e5 Nxg4 16. Rhg1 Nxe3 17. Qxe3 g6 18. Ne4 Bb7 19. Nd6+ Bxd6 20. exd6 Qc5 21. Rd3 Rc8 22. f5 g5 23. b4 Qxd6 24. Nxb5 Qxd3 25. cxd3 axb5 26. Qe5 Rg8 27. f6 Bc6 28. Qd6 Kd8 29. Rc1 g4 30. Rc5 h5 31. Rxh5 Bd5 32. Rh7 Rc6 33. Qb8+ Rc8 34. Qb6+ Rc7 35. Rxf7 Kc8 36. Qd6 Rg5 37. Qa6+ Rb7 38. Qa8+ Kc7 39. Qe8 Kd6 40. Qe7+ Ke5 41. Qc5 Kf4 42. Rg7 Ba2+ 43. Kxa2 Rxc5 44. bxc5 Rb8 45. Rxd7 Rh8 46. c6 Rxh2+ 47. Kb3 Rh8 48. c7 g3 49. Rg7 Kf3 50. f7 Rf8 51. Rg8 g2 52. c8=Q Rxc8 53. Rxc8 g1=Q 54. f8=Q+ Ke2 55. Rc2+ 1-0

[Event "ISR-chT"]
[Site "Israel"]
[Date "2004.03.26"]
[Round "7"]
[White "Gerzhoy, Leonid"]
[Black "Tyomkin, Dimitri"]
[Result "0-1"]
[WhiteElo "2380"]
[BlackElo "2503"]
[PlyCount "88"]
[GameId "1165542963118080"]
[EventDate "2004.01.03"]
[EventType "team"]
[EventRounds "11"]
[EventCountry "ISR"]
[SourceTitle "CBM 101"]
[Source "ChessBase"]
[SourceDate "2004.07.27"]
[SourceVersion "1"]
[SourceVersionDate "2004.07.27"]
[SourceQuality "1"]

1. Nf3 Nf6 2. c4 g6 3. Nc3 d5 4. Qa4+ Bd7 5. Qb3 dxc4 6. Qxc4 a6 7. e4 b5 8. Qe2 c5 9. e5 Nh5 10. d3 Nc6 11. h3 Ng7 12. Bh6 Ne6 13. Bxf8 Kxf8 14. Qe3 Ncd4 15. Rc1 Bc6 16. Ng5 Kg7 17. Nxe6+ Nxe6 18. Rg1 Rc8 19. Be2 Qd4 20. Bg4 Nf4 21. Qxd4 cxd4 22. Bxc8 Nxd3+ 23. Kd2 Nxc1 24. Bg4 dxc3+ 25. Kxc1 cxb2+ 26. Kxb2 Rd8 27. Kc3 Rd5 28. f4 Rc5+ 29. Kb2 Be4 30. Bd1 Rd5 31. Kc1 Rd3 32. g3 Bd5 33. Bc2 Rf3 34. Bb1 b4 35. Kb2 Rf2+ 36. Ka1 a5 37. Rd1 e6 38. Rd4 Rf3 39. Rd3 Rf1 40. Re3 a4 41. h4 a3 42. Re2 h5 43. Re3 Bc4 44. Re4 Rxb1+ {and d3+ then.} 0-1